000 00484nam a2200181Ia 4500
005 20250923144546.0
008 008 250917s9999 xx 000 0 eng d
037 _aReports
040 _aDSWL
_beng
_cDSWL
041 _aeng
_2eng
084 _qDSWL
100 _aCoomarswamy, A.K.
_9826088
245 0 _aHinduism & Buddhisim
_cby A.K. Coomarswamy
260 _aNew York
_b Philosophical Library
300 _a86 p.
942 _cREP
999 _c1440474
_d1440474